Movies Quiz

Random Movies Quiz

Movies about Babies Quiz Stats

 Plays Quiz not verified by Sporcle

Score 0/19 Timer 05:00
0 Plays Today
Year Movie % Correct
2007Knocked Up
87.7%
2007Juno
79.8%
2008Baby Mama
72.3%
1989Look Who's Talking
68.4%
19873 Men and a Baby
62.8%
1968Rosemary's Baby
59.3%
1995Nine Months
54.2%
1987Raising Arizona
45.8%
2006Children of Men
36%
2010The Back-Up Plan
32.8%
Year Movie % Correct
1994Junior
30.8%
1988She's Having a Baby
30%
2007Waitress
29.2%
1987Baby Boom
26.1%
1999Baby Geniuses
22.9%
2009Away We Go
19%
1986Labyrinth
14.2%
1988Willow
10.3%
1995Jack and Sarah
6.3%

You're not logged in!

Compare scores with friends on all Sporcle quizzes.
OR
Log In

Sporcle TV

Today on Sporcle TV


Watch our educational content, quiz creation guides, and fun videos on Sporcle TV.

Show Comments

Extras

Created Oct 19, 2010ReportNominate
Tags:baby, character, pregnancy

Top Quizzes Today


Score Distribution

Your Account Isn't Verified!

In order to create a playlist on Sporcle, you need to verify the email address you used during registration. Go to your Sporcle Settings to finish the process.

Report this User

Report this user for behavior that violates our Community Guidelines.

Details: